000
00201nam a22000857a 4500
008
160805b xxu||||| |||| 00| 0 eng d
100
_9
37
_a
Benton J
245
_a
Carmen
260
_a
USA
_b
MacMillan Publication
999
_c
2688
_d
2688